The Wright brothers : the first to fly / William ... Read More
Available copies
- 1 of 1 copy available at LARL/NWRL Consortium.
- 1 of 1 copy available at Lake Agassiz Regional Library. (Show preferred library)
Current holds
0 current holds with 1 total copy.
Show Only Available Copies
| Location | Call Number / Copy Notes | Barcode | Shelving Location | Status | Due Date |
|---|---|---|---|---|---|
| Bagley Public Library | E 921 WRI (Text) | 33500011580610 | Main | Available | - |
Record details
- ISBN: 9781448885978 (lib. bdg.)
- ISBN: 1448885973 (lib. bdg.)
- Physical Description: 24 p. : ill. (some col.) ; 21cm.
- Publisher: New York : PowerKids Press, 2013.
Content descriptions
| General Note: | Includes index. |
| Formatted Contents Note: | A great team -- The Wright family -- Popular ... Read More |
| Summary, etc.: | Orville and Wilbur Wright were true pioneers of ... Read More |
Search for related items by subject
Search for related items by series
| LDR | 02037cam a22003974a 4500 | ||
|---|---|---|---|
| 001 | 155037 | ||
| 003 | LARL_NWRL_CONSORTIUM | ||
| 005 | 20130731153710.0 | ||
| 008 | 120508s2013 nyua j 001 0ceng | ||
| 020 | . | ‡a9781448885978 (lib. bdg.) | |
| 020 | . | ‡a1448885973 (lib. bdg.) | |
| 035 | . | ‡a(OCoLC)779874289 | |
| 042 | . | ‡apcc | |
| 043 | . | ‡an-us--- | |
| 082 | 0 | 0. | ‡a629.130092/273 ‡aB ‡223 |
| 100 | 1 | . | ‡aWeir, William, ‡d1959- |
| 245 | 1 | 4. | ‡aThe Wright brothers : ‡bthe first to fly / ‡cWilliam Weir. |
| 260 | . | ‡aNew York : ‡bPowerKids Press, ‡c2013. | |
| 300 | . | ‡a24 p. : ‡bill. (some col.) ; ‡c21cm. | |
| 490 | 0 | . | ‡aBeginning biographies |
| 500 | . | ‡aIncludes index. | |
| 505 | 0 | . | ‡aA great team -- The Wright family -- Popular printers -- Building bicycles -- Early flying machines -- A great day for flying -- First flight facts -- Working hard -- Changing the world. |
| 520 | . | ‡aOrville and Wilbur Wright were true pioneers of flight, and readers will follow along on their quest to perfect their flying machine. Readers discover the incredible legacy of these two amazing inventors and learn fun facts about their lives through accessible text. Historical photographs give readers a detailed look at these incredible men and their invention that changed the world. | |
| 600 | 1 | 0. | ‡aWright, Orville, ‡d1871-1948 ‡vJuvenile literature. |
| 600 | 1 | 0. | ‡aWright, Wilbur, ‡d1867-1912 ‡vJuvenile literature. |
| 650 | 0. | ‡aAeronautics ‡zUnited States ‡vJuvenile literature. | |
| 650 | 0. | ‡aInventors ‡zUnited States ‡vBiography ‡vJuvenile literature. ‡0(LARL_NWRL_CONSORTIUM)165273 | |
| 901 | . | ‡a155037 ‡bOCLC ‡c155037 ‡tbiblio | |

Add to basket
Permalink
Disable Highlighting